000 00682nam a22002417a 4500
003 UA-OsUOA
001 127311
007 ta
008 20171124b un ||||| |||| 00| 0 ukr d
100 _aСолтис М. Е.
090 _a7.071.1:929
_bС60
942 _cBK
040 _aUA-OsUOA
_bukr
_cUA-OsUOA
_dUA-OsUOA
245 _aМєчислав Солтис. Життя і діяльність. Творчість
300 _a160 с.
955 _a1
041 _aukr
080 _a7.071.1:929
020 _a978-966-397-216-5
260 _aЛьвів
_bЛіга-Прес
_c2013
650 7 _a7.0 Загальні питання мистецтва
_2UDC
999 _c414457
_d414457